000 00778nam a2200265Ia 4500
003 OSt
005 20221005072948.0
006 a|||||r|||| 00| 0
007 ta
008 221004b |||||||| |||| 00| 0 eng d
020 _a8185930155 (hbk)
024 _a102614
037 _cTextual
040 _aCRL
_cCRL
_beng
041 _2eng
_aeng
082 _aX:76, Q0
100 _aPurohit Mahesh C
245 0 _aNon - tax sources in India
_b Issues in pricing and delivery of services
260 _aNew Delhi
_bFoundation for Public Economics and Policy Research
_c2010
300 _a221p.
_ccm.
650 _aECONOMICS
700 _a Purohit Vishnu Kanta
942 _hX:76, Q0
_cTEXL
_2cc
999 _c980310
_d980310